00606nam a2200169 a 450000100100000000500170001000800410002702000150006804000250008308200190010810000390012724500970016626000470026330000280031050000570033870000410039500004425520201002045240.0140611s2006 dr a 000 0 spa d a9945420143 aDO-SdBNPbspacBNPHU axxxxxxbxxxxxx1 aUbiera Hunt, Letty Milosis,d1957-10aVivencias del lechuguero /cLetty Milosis Ubiera Hunt ; prólogo José F. López Larache. aSanto Domingo :bAngeles de Fierro,c2006. a189 p. :bil. ;c21 cm. aIncluye datos biográficos del autor en las solapas1 aLópez Larache, José F.,epról.